Bush warfare (Record no. 552748)
[ view plain ]
| 000 -LEADER | |
|---|---|
| fixed length control field | 00688nam a2200181Ki 4500 |
| 082 04 - DEWEY DECIMAL CLASSIFICATION NUMBER | |
| Classification number | 355.422 |
| Author Mark | HEN |
| 100 1# - MAIN ENTRY--PERSONAL NAME | |
| Personal name | Heneker, W. C. G. |
| 9 (RLIN) | 50015 |
| 245 10 - TITLE STATEMENT | |
| Title | Bush warfare |
| Statement of responsibility, etc. | by Lt. Col. W.C.G. Heneker, D.S.O. (Connaught rangers). |
| 260 ## - PUBLICATION, DISTRIBUTION, ETC. | |
| Place of publication, distribution, etc. | London : |
| Name of publisher, distributor, etc. | Hugh Rees, |
| Date of publication, distribution, etc. | 1907. |
| 300 ## - PHYSICAL DESCRIPTION | |
| Extent | [6], 196, viii p. : |
| Other physical details | maps, plans (some folded) ; |
| Dimensions | 22 cm. |
| 490 1# - SERIES STATEMENT | |
| Series statement | The Pall Mall military series |
| 500 ## - GENERAL NOTE | |
| General note | "The bush warfare referred to here is principally West African."--Pref. |
| 500 ## - GENERAL NOTE | |
| General note | Includes index. |
| 526 ## - STUDY PROGRAM INFORMATION NOTE | |
| Program name | 0 |
| Interest level | 0 |
| Reading level | 0 |
| Title point value | 355_422000000000000_HEN |
| 650 #0 - SUBJECT ADDED ENTRY--TOPICAL TERM | |
| Topical term or geographic name entry element | Guerrilla warfare. |
| 9 (RLIN) | 18957 |
| 856 40 - ELECTRONIC LOCATION AND ACCESS | |
| Uniform Resource Identifier | <a href="http://catalog.hathitrust.org/api/volumes/oclc/10729932.html">http://catalog.hathitrust.org/api/volumes/oclc/10729932.html</a> |
| 942 ## - ADDED ENTRY ELEMENTS (KOHA) | |
| Source of classification or shelving scheme | |
| Koha item type | Book |
| Withdrawn status | Lost status | Source of classification or shelving scheme | Damaged status | Not for loan | Permanent Location | Current Location | Date acquired | Total Checkouts | Full call number | Barcode | Date last seen | Price effective from | Koha item type |
|---|---|---|---|---|---|---|---|---|---|---|---|---|---|
| Military College of Engineering (MCE) | Military College of Engineering (MCE) | 01/21/2015 | 355.422 HEN | MCE-ECB/62 | 01/21/2015 | 01/21/2015 | Book |
